Annuaire Europeen 1986

Uložené v:
Podrobná bibliografia
Médium: Kniha
Jazyk:French
Vydavateľské údaje: Dordrecht Nijhoff 1986
Vydanie:1. éd.
Tagy: Pridať tag
Žiadne tagy, Buďte prvý, kto otaguje tento záznam!

MARC

LEADER 00000nam a2200000 4500
001 c027602
005 20260116093347.5
041 0 |a fre 
044 |a NL 
245 1 0 |a Annuaire Europeen 1986 
250 |a 1. éd. 
264 1 |a Dordrecht  |b Nijhoff  |c 1986 
300 |a Prer. s.